[Event "Le Touquet op 26th"]
[Site "Le Touquet"]
[Date "2011.10.22"]
[Round "1"]
[White "Lazarev, Vladimir"]
[Black "Vigneron, Quentin"]
[Result "1-0"]
[WhiteElo "2431"]
[BlackElo "2000"]
[PlyCount "71"]
[EventDate "2011.10.22"]
[EventType "swiss"]
[EventRounds "9"]
[EventCountry "FRA"]
[SourceTitle "EXT 2012"]
[Source "ChessBase"]
[SourceDate "2011.11.24"]
[SourceVersion "1"]
[SourceVersionDate "2011.11.24"]
[SourceQuality "1"]

1. d4 Nf6 2. c4 e6 3. Nc3 Bb4 4. Qc2 d5 5. a3 Bxc3+ 6. Qxc3 c5 7. dxc5 d4 8. Qg3 Nc6 9. Nf3 e5 10. e4 Nxe4 11. Qxg7 Qf6 12. Bh6 Ke7 13. b4 Bf5 14. Bd3 Rhg8 15. Qxf6+ Kxf6 16. Nh4 Ng3 17. Nxf5 Nxf5 18. Bd2 e4 19. Bxe4 Rae8 20. f3 Rxg2 21. 0-0-0 Ne3 22. Rdg1 Rxg1+ 23. Rxg1 Ne5 24. Bxb7 N5xc4 25. c6 Nd6 26. Ba6 Re7 27. b5 Kf5 28. Bb4 Ke6 29. Rg8 Nd5 30. Bc5 Nc7 31. Rd8 Ndxb5 32. Bxb5 Nxb5 33. Bxe7 Kxe7 34. Rd5 a6 35. a4 Na7 36. c7 1-0

[Event "Rohde op 09th"]
[Site "Sautron"]
[Date "2009.10.25"]
[Round "2"]
[White "Vigneron, Quentin"]
[Black "Auvray, Honorine"]
[Result "0-1"]
[WhiteElo "1927"]
[BlackElo "1663"]
[PlyCount "96"]
[EventDate "2009.10.24"]
[EventType "swiss"]
[EventRounds "9"]
[EventCountry "FRA"]
[SourceTitle "EXT 2010"]
[Source "ChessBase"]
[SourceDate "2010.11.25"]
[SourceVersion "1"]
[SourceVersionDate "2010.11.25"]
[SourceQuality "1"]

1. e4 c5 2. Nf3 e6 3. d4 cxd4 4. Nxd4 Nc6 5. Nxc6 bxc6 6. Bd3 Nf6 7. 0-0 Be7 8. Bg5 0-0 9. Nd2 a5 10. Re1 Ba6 11. Bxa6 Rxa6 12. Bxf6 Bxf6 13. e5 Be7 14. Ne4 Qc7 15. Rb1 Rb8 16. Re3 Rab6 17. Qd4 Rb5 18. f4 Rd5 19. Qc3 Bb4 20. Qc4 Qb6 21. Qe2 Rd4 22. Kf1 Be7 23. Rd3 Rxd3 24. Qxd3 Qb5 25. Qxb5 Rxb5 26. c4 Rb4 27. b3 a4 28. Ke2 f6 29. Kd3 Kf7 30. Kc2 axb3+ 31. axb3 Kg6 32. Ng3 h5 33. Rf1 h4 34. f5+ Kf7 35. Nh5 exf5 36. Rxf5 g6 37. Rxf6+ Bxf6 38. Nxf6 Ke6 39. Kc3 Rb7 40. Ng4 Kf5 41. h3 c5 42. Nh2 Kf4 43. Nf3 g5 44. Nd2 Kxe5 45. Kd3 Kf4 46. Ke2 Rb6 47. Kd3 Re6 48. Nf1 Re1 0-1

[Event "FRA-chT2 East 0809"]
[Site "France"]
[Date "2009.01.18"]
[Round "6.7"]
[White "Vigneron, Quentin"]
[Black "Chebance, Benoit"]
[Result "1/2-1/2"]
[WhiteElo "1918"]
[BlackElo "1995"]
[PlyCount "66"]
[EventDate "2008.10.19"]
[EventType "team-tourn"]
[EventRounds "11"]
[EventCountry "FRA"]
[SourceTitle "EXT 2010"]
[Source "ChessBase"]
[SourceDate "2010.11.25"]
[SourceVersion "1"]
[SourceVersionDate "2010.11.25"]
[SourceQuality "1"]
[WhiteTeam "Vandoeuvre II"]
[BlackTeam "Montrevel en Bresse"]
[WhiteTeamCountry "FRA"]
[BlackTeamCountry "FRA"]

1. e4 d5 2. exd5 Qxd5 3. Nc3 Qd6 4. d4 Nf6 5. g3 a6 6. Bg2 Nc6 7. Nf3 Bg4 8. Be3 0-0-0 9. 0-0 Qb4 10. Ne2 e5 11. c3 Qe7 12. Qc2 Nd5 13. Nxe5 Nxe5 14. Bxd5 Rxd5 15. dxe5 Rxe5 16. Nd4 c5 17. Nb3 g5 18. Qd2 Bg7 19. Rfe1 b6 20. Qd3 Kb7 21. Nd2 Rd8 22. Qc2 f5 23. Nc4 Re6 24. b4 f4 25. bxc5 fxe3 26. Nxe3 Bf3 27. cxb6 Qc5 28. Qxh7 Qe5 29. Nc2 Be4 30. Rxe4 Qxe4 31. Qxg7+ Re7 32. Qxg5 Rd5 33. Qe3 Qh7 1/2-1/2

[Event "Saint Affrique op 16th"]
[Site "Saint Affrique"]
[Date "2008.07.22"]
[Round "5"]
[White "Nguyen, Huu Hoang Anh"]
[Black "Vigneron, Quentin"]
[Result "0-1"]
[WhiteElo "2129"]
[BlackElo "1921"]
[PlyCount "96"]
[EventDate "2008.07.19"]
[EventType "swiss"]
[EventRounds "9"]
[EventCountry "FRA"]
[SourceTitle "CBM 125 Extra"]
[Source "ChessBase"]
[SourceDate "2008.09.01"]
[SourceVersion "1"]
[SourceVersionDate "2008.09.01"]
[SourceQuality "1"]

1. c3 d5 2. Qc2 e5 3. d3 c5 4. e4 Nf6 5. Nf3 Nc6 6. Be2 g6 7. a3 Bg7 8. 0-0 0-0 9. Re1 h6 10. Nbd2 Be6 11. Rb1 Qc7 12. b3 Rac8 13. Bf1 b5 14. exd5 Nxd5 15. Ne4 Nce7 16. c4 bxc4 17. bxc4 Nb6 18. Rb5 Nd7 19. Qa4 Nf5 20. Bd2 Nd6 21. Nxd6 Qxd6 22. Rb7 a6 23. Bc3 Rb8 24. Reb1 Kh7 25. h3 Ra8 26. Ba5 Rfc8 27. Be2 Bf5 28. Nd2 Rab8 29. Ne4 Qe6 30. Rxb8 Nxb8 31. Rb6 Qe7 32. Qb3 Bxe4 33. dxe4 Nc6 34. Qa4 Nd4 35. Kf1 Qg5 36. Rxa6 Qc1+ 37. Bd1 Rb8 38. Bb6 Qb1 39. Bxc5 Qd3+ 40. Ke1 Qxe4+ 41. Kd2 Qf4+ 42. Ke1 Qe4+ 43. Kd2 Qf4+ 44. Ke1 Rb2 45. Bxd4 exd4 46. Be2 d3 47. Qa5 Qc1+ 48. Bd1 Re2+ 0-1